000 00259nam a2200109Ia 4500
008 240625s9999 xx 000 0 und d
041 _aeng
082 _a519.2 DEV
100 _aDEVORE JAY
245 _aMODERN MATHEMATICAL STATISTICS WITH APPL
260 _c2007
999 _c33820
_d33820